Principaux codes compagnies - Statistiques

Statistiques générales
  • Ce quiz a été pris 19 fois
  • Le résultat moyen est 19 sur 60
Statistiques - réponses
Airline Alliance Réponse % Correct
Air France Skyteam AF
100%
Aeromexico Skyteam AM
87%
American Airlines Oneworld AA
80%
Air China Star Alliance CA
80%
KLM Skyteam KL
80%
British Airways Oneworld BA
73%
Delta Airlines Skyteam DL
67%
Iberia Oneworld IB
67%
Aerolineas Argentinas Skyteam AR
60%
ITA Airways Skyteam AZ
60%
South African Airways Star Alliance SA
60%
United Airlines Star Alliance UA
60%
Air Canada Star Alliance AC
53%
Air India Star Alliance AI
53%
Alaska Airlines Oneworld AS
53%
Lufthansa Star Alliance LH
47%
Middle East Airlines Skyteam ME
47%
Turkish Airlines Star Alliance TK
47%
Royal Air Maroc Oneworld AT
40%
Avianca Star Alliance AV
40%
TAP Portugal Star Alliance TP
40%
Korean Air Skyteam KE
33%
Royal Jordanian Oneworld RJ
33%
China Airlines Skyteam CI
27%
Garuda Indonesia Skyteam GA
27%
Kenya Airways Skyteam KQ
27%
Air New Zealand Star Alliance NZ
27%
Singapore Airlines Star Alliance SQ
27%
Air Europa Skyteam UX
27%
Vietnam Airlines Skyteam VN
27%
Finnair Oneworld AY
20%
EVA Air Star Alliance BR
20%
Ethiopian Airlines Star Alliance ET
20%
Japan Airlines Oneworld JL
20%
Swiss Air Star Alliance LX
20%
China Eastern Airlines Skyteam MU
20%
Qantas Oneworld QF
20%
Qatar Airways Oneworld QR
20%
TAROM Skyteam RO
20%
Virgin Atlantic Skyteam VS
20%
Aegean Star Alliance A3
13%
Cathay Pacific Oneworld CX
13%
LOT Polish Airlines Star Alliance LO
13%
Xiamen Air Skyteam MF
13%
Malaysia Airlines Oneworld MH
13%
Scandinavian Airlines (SAS) Star Alliance SK
13%
Saudia Skyteam SV
13%
Copa Airlines Star Alliance CM
7%
*Fiji Airways Oneworld FJ
7%
EgyptAir Star Alliance MS
7%
CSA Czech Airlines Skyteam OK
7%
Asiana Airlines Star Alliance OZ
7%
Brussels Airlines Star Alliance SN
7%
*Juneyao Star Alliance HO
0%
All Nippon Airways (ANA) Star Alliance NH
0%
Austrian Airlines Star Alliance OS
0%
Croatia Airlines Star Alliance OU
0%
Thai Airways Star Alliance TG
0%
Sri Lankan Airlines Oneworld UL
0%
Shenzhen Airlines Star Alliance ZH
0%
Aucun quiz correspondant
Distribution des résultats
% des personnes avec chaque résultat
Percentile par nombre de réponses
Votre historique - résultats
Vous n’avez pas pris ce quiz